Toda una mamá / (Registro nro. 68843)
[ vista simple ]
| 000 -LEADER | |
|---|---|
| fixed length control field | 01552cam a2200421 i 4500 |
| 001 - CONTROL NUMBER | |
| control field | 68843 |
| 003 - CONTROL NUMBER IDENTIFIER | |
| control field | Mx-PuUPA |
| 005 - DATE AND TIME OF LATEST TRANSACTION | |
| control field | 20240410104304.0 |
| 008 - FIXED-LENGTH DATA ELEMENTS--GENERAL INFORMATION | |
| fixed length control field | 221014s2009 mx a gr 000 0 spa d |
| 020 ## - INTERNATIONAL STANDARD BOOK NUMBER | |
| International Standard Book Number | 9786074714128 |
| 020 ## - INTERNATIONAL STANDARD BOOK NUMBER | |
| International Standard Book Number | 9789706889423 |
| Qualifying information | de la colección los piratas de el barco de vapor |
| 040 ## - CATALOGING SOURCE | |
| Original cataloging agency | Mx-PuUPA |
| Language of cataloging | spa |
| Transcribing agency | Mx-PuUPA |
| Modifying agency | Mx-PuUPA |
| Description conventions | rda |
| 041 1# - LANGUAGE CODE | |
| Language code of text/sound track or separate title | spa |
| Language code of original | fre |
| 100 1# - MAIN ENTRY--PERSONAL NAME | |
| 9 (RLIN) | 10748 |
| Personal name | Ka, Olivier, |
| Dates associated with a name | 1967- |
| Relator term | autor |
| 240 10 - UNIFORM TITLE | |
| Uniform title | Une maman tout entière. |
| Language of a work | Español |
| 245 10 - TITLE STATEMENT | |
| Title | Toda una mamá / |
| Statement of responsibility, etc. | Oliver Ka, Luc Melanson ; traducción, María Cristina Vargas |
| 250 ## - EDITION STATEMENT | |
| Edition statement | Primera edición |
| 264 #1 - PRODUCTION, PUBLICATION, DISTRIBUTION, MANUFACTURE, AND COPYRIGHT NOTICE | |
| Place of production, publication, distribution, manufacture | México, D. F. : |
| Name of producer, publisher, distributor, manufacturer | SM de Ediciones, |
| Date of production, publication, distribution, manufacture, or copyright notice | 2009 |
| 300 ## - PHYSICAL DESCRIPTION | |
| Extent | 25 páginas sin numerar : |
| Other physical details | ilustraciones ; |
| Dimensions | 19 cm |
| 336 ## - CONTENT TYPE | |
| Fuente | rdacontent |
| Content type term | texto |
| Content type code | txt |
| 336 ## - CONTENT TYPE | |
| Fuente | rdacontent |
| Content type term | imagen fija |
| Content type code | sti |
| 337 ## - MEDIA TYPE | |
| Source | rdamedia |
| Media type term | sin medio |
| Media type code | n |
| 338 ## - CARRIER TYPE | |
| Source | rdacarrier |
| Carrier type term | volumen |
| Carrier type code | nc |
| 490 1# - SERIES STATEMENT | |
| Series statement | El barco de vapor. Los Piratas ; |
| Volume/sequential designation | 16 M |
| 521 1# - TARGET AUDIENCE NOTE | |
| Target audience note | Para empezar a leer. |
| 650 #7 - SUBJECT ADDED ENTRY--TOPICAL TERM | |
| Source of heading or term | armarc |
| Topical term or geographic name entry element | Literatura francesa |
| 650 #7 - SUBJECT ADDED ENTRY--TOPICAL TERM | |
| Source of heading or term | armarc |
| Topical term or geographic name entry element | Autoestima |
| General subdivision | Literatura infantil |
| 650 #7 - SUBJECT ADDED ENTRY--TOPICAL TERM | |
| Source of heading or term | armarc |
| Topical term or geographic name entry element | Madre e hijo |
| General subdivision | Literatura infantil |
| 700 1# - ADDED ENTRY--PERSONAL NAME | |
| Personal name | Melanson, Luc, |
| Relator term | autor |
| 700 1# - ADDED ENTRY--PERSONAL NAME | |
| Personal name | Vargas, María Cristina, |
| Relator term | traductor |
| 765 08 - ORIGINAL LANGUAGE ENTRY | |
| Main entry heading | Ka, Olivier, 1967- |
| Title | Une maman tout entière. |
| 830 #0 - SERIES ADDED ENTRY--UNIFORM TITLE | |
| Uniform title | Barco de vapor |
| Name of part/section of a work | Los Piratas |
| Volume/sequential designation | 16 M |
| 942 ## - ADDED ENTRY ELEMENTS (KOHA) | |
| Source of classification or shelving scheme | Dewey Decimal Classification |
| Koha item type | Libro |
| Classification part | 840 |
| Item part | B2216 |
| Withdrawn status | Lost status | Source of classification or shelving scheme | Damaged status | Not for loan | Collection code | Home library | Current library | Shelving location | Date acquired | Source of acquisition | Cost, normal purchase price | Total Checkouts | Full call number | Barcode | Date last seen | Cost, replacement price | Price effective from | Koha item type |
|---|---|---|---|---|---|---|---|---|---|---|---|---|---|---|---|---|---|---|
| Dewey Decimal Classification | Infantil | Biblioteca Karol Wojtyla | Biblioteca Karol Wojtyla | Área de silencio | 20/08/2021 | 1 | 121.00 | 840 B2216 2009 | 101216 | 05/01/2026 | 121.00 | 20/08/2021 | Libro infantil |